América Latina: la cultura bajo vigilancia
En el texto se expone sobre el hecho que la mayor parte de los países latinoamericanos, los gobiernos civiles o militares han puesto un particular empeño en supervisar el contenido y mensaje implícito en cada forma de manifestación cultural
Gespeichert in:
| Format: | Text |
|---|---|
| Schlagworte: | |
| Tags: |
Tag hinzufügen
Keine Tags, Fügen Sie den ersten Tag hinzu!
|
MARC
| LEADER | 00000 a a2200000 04500 | ||
|---|---|---|---|
| 001 | 17561 | ||
| 003 | |||
| 040 | |||
| 245 | |a América Latina: |b la cultura bajo vigilancia | ||
| 520 | |a En el texto se expone sobre el hecho que la mayor parte de los países latinoamericanos, los gobiernos civiles o militares han puesto un particular empeño en supervisar el contenido y mensaje implícito en cada forma de manifestación cultural | ||
| 650 | |a CONTROL SOCIAL | ||
| 650 | |a LIBERTAD DE PALABRA | ||
| 650 | |a PARTICIPACION EN LA VIDA CULTURAL | ||
| 650 | |a AMERICA LATINA | ||
| 773 | |g volumen 1, número 20; páginas 1 | ||
| 999 | |c 34328 |d 34328 | ||
| 773 | 0 | |0 42391 |9 3929 |a Agencia Latinoamericana de Información, ALAI |d Quito, Ecuador: ALAI |o 03992 |t ALAI: |x 08275564 (Servicio mensual de información y documentación) | |
